The encyclopedia of seeds: science, technology and uses

Αποθηκεύτηκε σε:
Λεπτομέρειες βιβλιογραφικής εγγραφής
Κύριοι συγγραφείς: Black, Michael (Συγγραφέας), Bewley, J. Derek (Συγγραφέας), Halmer, Peter (Συγγραφέας)
Μορφή: Βιβλίο
Γλώσσα:Αγγλικά
Έκδοση: Oxford CABI 2006
Έκδοση:1a. ed
Θέματα:
Ετικέτες: Προσθήκη ετικέτας
Δεν υπάρχουν, Καταχωρήστε ετικέτα πρώτοι!

MARC

LEADER 00000nam a2200000 a 4500
001 UCJ2797
003 CL-VaPUC
008 070119e20060000UK |||||||||||||||||eng|d
020 |a 0851997236 
082 0 4 |a 631.52103  |b BLA  |2 21 
100 0 |a Black, Michael  |e author  |9 503768 
700 0 |a Bewley, J. Derek  |e author  |9 503769 
700 0 |a Halmer, Peter  |e author  |9 503770 
245 1 4 |a The encyclopedia of seeds: science, technology and uses 
250 |a 1a. ed 
300 |a 828 p 
942 |c BK 
945 |d 20070119 00:00:00  |a cmena 
260 |a Oxford  |b CABI  |c 2006 
650 0 |a Semillas   |9 264396 
650 0 |a Genética  |9 259443 
650 0 |a Biotecnología   |9 259561 
650 7 |a PRODUCCION DE SEMILLAS  |2 CL-VaPUC  |9 503771 
650 0 |a Diccionarios  |9 256200 
650 0 |a Enciclopedias  |9 264135 
583 |a last modification  |c 20070119 00:00:00  |k Rodrigo Vera 
999 |c 318927  |d 318925 
952 |0 0  |1 0  |4 0  |6 631_521030000000000_BLA_2006  |7 0  |8 A  |9 397142  |a BIBAGR  |b BIBAGR  |d 2019-11-22  |i 4315103  |l 1  |o 631.52103 BLA 2006  |p 4315103  |r 2025-01-20  |s 2024-10-21  |w 2019-11-22  |y BK  |k AGR